Cross cultural aspects of advertising-cultural analysis of Mongolian and Chinese web sites doctoral thesis = Kulturní aspekty reklamy - kulturní analýza mongolských a čínských webových stránek
Saved in:
| Main Author | |
|---|---|
| Other Authors | |
| Format | Book |
| Language | Czech English |
| Published |
2008
|
| Series | Doctoral thesis
|
| Subjects | |
| Physical Description | 100 s. : il., grafy ; 24 cm |
Cover
| LEADER | 00000ntm a22000007a 4500 | ||
|---|---|---|---|
| 001 | 59381 | ||
| 003 | CZ-ZlUTB | ||
| 005 | 20240830155143.0 | ||
| 007 | ta | ||
| 008 | 110330s2008 xr f m 000 0 cze d | ||
| 040 | |a ZLD002 |b cze | ||
| 041 | 0 | |a eng |b cze | |
| 043 | |a a-mp--- |a a-cc--- | ||
| 072 | 7 | |a 658 |x Řízení a správa podniku |2 Konspekt |9 4 | |
| 080 | |a 658.8:005.52 |2 MRF | ||
| 080 | |a 658.8:339.564 |2 MRF | ||
| 080 | |a 659.1 |2 MRF | ||
| 080 | |a 159.98:659.1 |2 MRF | ||
| 080 | |a 366.1 |2 MRF | ||
| 080 | |a (517.3) |2 MRF | ||
| 080 | |a 004.738.12 |2 MRF | ||
| 080 | |a (510) |2 MRF | ||
| 080 | |a (043.3)378.245 |2 MRF | ||
| 100 | 1 | |a Sanduijav, Tuvshinzaya, |d 1969- |7 ola2012714401 |4 dis | |
| 245 | 1 | 0 | |a Cross cultural aspects of advertising-cultural analysis of Mongolian and Chinese web sites |h [rukopis] : |b doctoral thesis = Kulturní aspekty reklamy - kulturní analýza mongolských a čínských webových stránek / |c Tuvshinzaya Sanduijav ; supervisor Jaroslav Světlík |
| 246 | 3 | 1 | |a Kulturní aspekty reklamy - kulturní analýza mongolských a čínských webových stránek |
| 260 | |c 2008 | ||
| 300 | |a 100 s. : |b il., grafy ; |c 24 cm | ||
| 490 | 1 | |a Doctoral thesis | |
| 500 | |a Studijní obor 6208V038 Management and Economics | ||
| 502 | |a Disertace (PhD.)--Univerzita Tomáše Bati ve Zlíně, Fakulta managementu a ekonomiky, 2008 | ||
| 504 | |a Obsahuje bibliografii | ||
| 546 | |a České resumé | ||
| 650 | 0 | 7 | |a marketingový výzkum |7 ph115230 |2 czenas |
| 650 | 0 | 7 | |a mezinárodní marketing |7 ph122808 |2 czenas |
| 650 | 0 | 7 | |a reklama a propagace |7 ph116035 |x sociologické aspekty |2 czenas |
| 650 | 0 | 7 | |a psychologie reklamy |7 ph158335 |2 czenas |
| 650 | 0 | 7 | |a spotřebitelské chování |7 ph125966 |2 czenas |
| 650 | 0 | 7 | |a WWW stránky |7 ph117163 |z Mongolsko |2 czenas |
| 650 | 0 | 7 | |a WWW stránky |7 ph117163 |z Čína |2 czenas |
| 650 | 0 | 9 | |a marketing research |2 eczenas |
| 650 | 0 | 9 | |a export marketing |2 eczenas |
| 650 | 0 | 9 | |a advertising |x sociological aspects |2 eczenas |
| 650 | 0 | 9 | |a psychology of advertising |2 eczenas |
| 650 | 0 | 9 | |a consumer behavior |2 eczenas |
| 650 | 0 | 9 | |a web pages |z Mongolia |2 eczenas |
| 650 | 0 | 9 | |a web pages |z China |2 eczenas |
| 655 | 7 | |a doktorské disertace |7 fd186751 |2 czenas | |
| 655 | 9 | |a higher doctoral dissertations |2 eczenas | |
| 700 | 1 | |a Světlík, Jaroslav, |d 1949- |7 mzk2002157044 |4 ths | |
| 710 | 2 | |a Univerzita Tomáše Bati ve Zlíně. |b Fakulta managementu a ekonomiky |7 kn20010709196 |4 dgg | |
| 810 | 2 | |a Univerzita Tomáše Bati ve Zlíně. |t Disertační práce | |
| 910 | |a ZLD002 | ||
| 952 | |0 0 |1 0 |4 0 |6 KSANDUIJAVT |7 0 |8 MANUS |9 108664 |a UTBZL |b UTBZL |c 001 |d 2011-03-30 |i 69800 |l 0 |o K/SANDUIJAV,T. |p 420010130436 |r 2019-08-26 00:00:00 |v 50.00 |w 2019-08-26 |x N: povinný výtisk; | 20100930 |y 12 | ||
| 992 | |a BK |c vs | ||
| 999 | |c 59381 |d 59381 | ||
| 993 | |x NEPOSILAT |y VSKP | ||